[Event "Nuremberg Zabo op 23rd"]
[Site "Nuremberg"]
[Date "2023.09.16"]
[Round "3"]
[White "Savchuk, Andrej"]
[Black "Homfeldt, Maren"]
[Result "1-0"]
[WhiteElo "1314"]
[BlackElo "1076"]
[PlyCount "33"]
[EventDate "2023.09.15"]
[EventType "swiss"]
[EventRounds "5"]
[EventCountry "GER"]
[SourceTitle "EXT 2024"]
[Source "ChessBase"]
[SourceDate "2023.10.10"]
[SourceVersion "1"]
[SourceVersionDate "2023.10.10"]
[SourceQuality "1"]

1. e4 d6 2. d4 b6 3. Bb5+ Bd7 4. Bxd7+ Qxd7 5. Nf3 Nc6 6. 0-0 f6 7. Be3 h6 8. c4 e5 9. d5 Nce7 10. Nfd2 f5 11. f4 Nf6 12. exf5 Nxf5 13. fxe5 Nxe3 14. e6 Qe7 15. Qa4+ Kd8 16. Qc6 Nxf1 17. Qxa8# 1-0

[Event "Heusenstamm Sparkassen op-B 7th"]
[Site "Heusenstamm"]
[Date "2021.11.20"]
[Round "5.34"]
[White "Niesel, Markus"]
[Black "Homfeldt, Maren"]
[Result "1-0"]
[WhiteElo "891"]
[BlackElo "1144"]
[PlyCount "113"]
[EventDate "2021.11.18"]
[EventType "swiss"]
[EventRounds "7"]
[EventCountry "GER"]
[SourceTitle "EXT 2023"]
[Source "ChessBase"]
[SourceDate "2022.10.05"]
[SourceVersion "1"]
[SourceVersionDate "2022.10.05"]
[SourceQuality "1"]

1. e4 d6 2. Nf3 f6 3. Bc4 Nd7 4. c3 Nc5 5. d3 Bd7 6. 0-0 e6 7. Re1 b5 8. Bb3 a5 9. Bc2 b4 10. d4 Nb7 11. Qd3 bxc3 12. bxc3 e5 13. Qc4 Ne7 14. Bb3 d5 15. exd5 Nd6 16. Qd3 Bf5 17. Qe3 e4 18. Nh4 a4 19. Bc2 Nxd5 20. Qe2 g5 21. Nxf5 Nxf5 22. Bxe4 Nf4 23. Qb5+ Kf7 24. Bxa8 Nd6 25. Qxa4 h5 26. Bc6 Be7 27. Qb3+ Kg7 28. Nd2 h4 29. Nc4 Re8 30. Bxe8 Nxg2 31. Kxg2 Qa8+ 32. Re4 Qxe4+ 33. Kf1 Qd3+ 34. Ke1 Qe4+ 35. Ne3 Qh1+ 36. Ke2 Nxe8 37. Nf5+ Kf8 38. Nh6 Qe4+ 39. Be3 Qg6 40. Ng4 Bd6 41. f3 Qh5 42. Qd5 Be7 43. Rb1 f5 44. Qxf5+ Nf6 45. Rb8+ Kg7 46. Bxg5 Nxg4 47. fxg4 Qxg5 48. Qe4 Bd6 49. h3 Kf7 50. Qh7+ Ke6 51. Re8+ Kd5 52. Qe4+ Kc4 53. Ra8 Kxc3 54. Qd3+ Kb2 55. Rb8+ Kxa2 56. Qb1+ Ka3 57. Qa1# 1-0

[Event "GER-ch op (Women) 20th"]
[Site "Erlangen"]
[Date "2020.10.03"]
[Round "5"]
[White "Homfeldt, Maren"]
[Black "Peglau, Lorena"]
[Result "1-0"]
[WhiteElo "1158"]
[BlackElo "1061"]
[PlyCount "65"]
[EventDate "2020.10.01"]
[EventType "swiss"]
[EventRounds "7"]
[EventCountry "GER"]
[SourceTitle "EXT 2022"]
[Source "ChessBase"]
[SourceDate "2021.10.06"]
[SourceVersion "1"]
[SourceVersionDate "2021.10.06"]
[SourceQuality "1"]

1. e3 c6 2. b3 d5 3. d4 Nf6 4. f3 g6 5. g4 Bg7 6. h4 Bd7 7. Bh3 Qc7 8. Ne2 c5 9. a4 cxd4 10. exd4 b5 11. Bf4 Qa5+ 12. c3 bxa4 13. b4 Qb6 14. Na3 e6 15. Be5 Nc6 16. Qxa4 Nxe5 17. Qa5 Qxa5 18. bxa5 Nc6 19. Nb5 Ke7 20. Ng3 Rab8 21. Nc7 Rhc8 22. Na6 Rb5 23. 0-0 Rxa5 24. Rxa5 Nxa5 25. Nc5 Nc4 26. g5 Ne3 27. Ra1 Rb8 28. gxf6+ Kxf6 29. Rxa7 Rb1+ 30. Nf1 Nxf1 31. Nxd7+ Ke7 32. Ne5+ Kf6 33. Rxf7# 1-0

[Event "Nuremberg op"]
[Site "Nuremberg"]
[Date "2019.11.17"]
[Round "4"]
[White "Gundel, Kay"]
[Black "Homfeldt, Maren"]
[Result "1-0"]
[WhiteElo "1194"]
[BlackElo "1053"]
[PlyCount "71"]
[EventDate "2019.11.15"]
[EventType "swiss"]
[EventRounds "5"]
[EventCountry "GER"]
[SourceTitle "CBM 193 Extra"]
[Source "ChessBase"]
[SourceDate "2020.01.31"]
[SourceVersion "1"]
[SourceVersionDate "2020.01.31"]
[SourceQuality "1"]

1. e4 d6 2. d4 Nd7 3. d5 Nc5 4. Nc3 e6 5. b4 Qf6 6. Bd2 a6 7. bxc5 dxc5 8. Nf3 h6 9. a4 Bd6 10. Bc4 Be5 11. Nxe5 Qxe5 12. f4 Qd4 13. Qe2 Bd7 14. Ra3 Qf6 15. 0-0 Ne7 16. e5 Qg6 17. Bd3 Nf5 18. Kh1 f6 19. g4 0-0-0 20. gxf5 exf5 21. e6 Be8 22. Rg1 Qh5 23. Qxh5 Bxh5 24. Bxf5 Bf3+ 25. Rg2 Bxg2+ 26. Kxg2 Kb8 27. a5 c6 28. Be4 g5 29. f5 h5 30. Be3 c4 31. Ra4 g4 32. Rxc4 h4 33. Bf4+ Ka7 34. d6 Rh7 35. d7 Ra8 36. Be3+ 1-0

[Event "Nuremberg op"]
[Site "Nuremberg"]
[Date "2019.11.17"]
[Round "5"]
[White "Held, Werner"]
[Black "Homfeldt, Maren"]
[Result "0-1"]
[WhiteElo "1065"]
[BlackElo "1053"]
[PlyCount "90"]
[EventDate "2019.11.15"]
[EventType "swiss"]
[EventRounds "5"]
[EventCountry "GER"]
[SourceTitle "CBM 193 Extra"]
[Source "ChessBase"]
[SourceDate "2020.01.31"]
[SourceVersion "1"]
[SourceVersionDate "2020.01.31"]
[SourceQuality "1"]

1. d4 e6 2. g3 g6 3. e4 a6 4. c4 Bg7 5. Nc3 Ne7 6. b4 c6 7. Bg2 d5 8. cxd5 exd5 9. e5 a5 10. b5 Qb6 11. a4 Nf5 12. Be3 Bf8 13. Nge2 Be6 14. 0-0 h5 15. h4 Bh6 16. f4 Nxe3 17. Qe1 Nxf1 18. Kxf1 Nd7 19. Rb1 0-0-0 20. Qd1 Bf8 21. bxc6 Qxc6 22. Nb5 Kb8 23. Qd2 Bb4 24. Qb2 Nb6 25. Rc1 Qd7 26. Rb1 Nxa4 27. Qb3 Qxb5 28. Kf2 Bg4 29. Bf1 Nb6 30. Nc3 Qd7 31. Nb5 Bh3 32. Be2 Rc8 33. Nd6 Rc3 34. Qa2 Qa4 35. Qb2 Qa3 36. Qxa3 Rxa3 37. Nxf7 Rc8 38. Ng5 Bf5 39. Rb2 Rc2 40. Rxc2 Bxc2 41. Ne6 Ra2 42. Kg1 Nc4 43. g4 Ra1+ 44. Kf2 Bd2 45. gxh5 gxh5 0-1

[Event "Heusenstamm Sparkassen op-B 5th"]
[Site "Heusenstamm"]
[Date "2018.11.25"]
[Round "7"]
[White "Homfeldt, Maren"]
[Black "Hahnenstein, Leon"]
[Result "0-1"]
[WhiteElo "1211"]
[BlackElo "1505"]
[PlyCount "92"]
[EventDate "2018.11.22"]
[EventType "swiss"]
[EventRounds "7"]
[EventCountry "GER"]
[SourceTitle "CBM 187 Extra"]
[Source "ChessBase"]
[SourceDate "2018.11.04"]
[SourceVersion "1"]
[SourceVersionDate "2018.11.04"]
[SourceQuality "1"]

1. d4 d5 2. e3 Bf5 3. Bd3 Bg6 4. Bxg6 hxg6 5. f4 Nf6 6. Nf3 e6 7. Ne5 Nbd7 8. Nxd7 Qxd7 9. c3 Ne4 10. 0-0 Bd6 11. Qb3 b6 12. Na3 g5 13. Qb5 Qxb5 14. Nxb5 Rh5 15. Nxd6+ Nxd6 16. Rf3 g4 17. Rg3 f5 18. h3 Ne4 19. hxg4 Nxg3 20. gxh5 Nxh5 21. Kf2 Ke7 22. Bd2 Rg8 23. Rh1 Nf6 24. Kf3 Ne4 25. Be1 Kd7 26. Rh7 Kc6 27. a4 g5 28. g4 fxg4+ 29. Kxg4 Nf6+ 30. Kg3 Nxh7 31. c4 gxf4+ 32. Kxf4 dxc4 33. Bh4 Nf8 34. Bg5 e5+ 35. dxe5 Ne6+ 36. Kf5 Nxg5 37. Kf6 Kd7 38. e4 Nxe4+ 39. Kf7 Re8 40. e6+ Rxe6 41. Kf8 Re7 42. a5 Ke6 43. axb6 axb6 44. b3 Kf6 45. bxc4 Nd6 46. c5 Re8# 0-1

[Event "Heusenstamm Sparkassen op-B 5th"]
[Site "Heusenstamm"]
[Date "2018.11.23"]
[Round "3"]
[White "Leichum, Engelbert"]
[Black "Homfeldt, Maren"]
[Result "1-0"]
[WhiteElo "1700"]
[BlackElo "1211"]
[PlyCount "79"]
[EventDate "2018.11.22"]
[EventType "swiss"]
[EventRounds "7"]
[EventCountry "GER"]
[SourceTitle "CBM 187 Extra"]
[Source "ChessBase"]
[SourceDate "2018.11.04"]
[SourceVersion "1"]
[SourceVersionDate "2018.11.04"]
[SourceQuality "1"]

1. e4 d6 2. d4 b6 3. Bc4 Bb7 4. Nc3 e6 5. Nf3 a6 6. 0-0 h6 7. e5 d5 8. Bd3 g6 9. Ne2 Bg7 10. b3 Ne7 11. Nf4 Nbc6 12. c3 b5 13. Qc2 Na5 14. Ba3 g5 15. Nh5 0-0 16. Qd2 Nf5 17. g4 Ne7 18. Nxg7 Kxg7 19. Nxg5 hxg5 20. Qxg5+ Ng6 21. Bxf8+ Kxf8 22. Qh6+ Kg8 23. f4 Qf8 24. Qh5 Qg7 25. Rf3 Qh7 26. Qg5 Bc6 27. f5 Rf8 28. f6 Be8 29. Rg3 Qh4 30. Qe3 Nc6 31. Kh1 Nb8 32. Rag1 b4 33. cxb4 Bb5 34. Bc2 Nc6 35. a3 a5 36. bxa5 Nxa5 37. Rh3 Nxb3 38. Bxb3 Qxh3 39. Qxh3 Nf4 40. Qh6 1-0

[Event "Bayern-ch (Women) 89th"]
[Site "Bad Kissingen"]
[Date "2018.09.01"]
[Round "9"]
[White "Lorenz, Oda"]
[Black "Homfeldt, Maren"]
[Result "1-0"]
[WhiteElo "1822"]
[BlackElo "1212"]
[PlyCount "43"]
[EventDate "2018.08.26"]
[EventType "swiss"]
[EventRounds "9"]
[EventCountry "GER"]
[SourceTitle "EXT 2020"]
[Source "ChessBase"]
[SourceDate "2019.10.17"]
[SourceVersion "1"]
[SourceVersionDate "2019.10.17"]
[SourceQuality "1"]

1. e4 e6 2. d4 d6 3. Nf3 Nd7 4. Bb5 a6 5. Ba4 b5 6. Bb3 Bb7 7. Bg5 f6 8. Bh4 Ne7 9. 0-0 g6 10. Bxe6 g5 11. Nxg5 Ng6 12. Nf7 Qe7 13. Bxd7+ Qxd7 14. Nxh8 Nxh8 15. Bxf6 Nf7 16. Nc3 c6 17. Qh5 Qe6 18. e5 dxe5 19. dxe5 c5 20. Rad1 Qc6 21. Nd5 Qe6 22. Nc7# 1-0

[Event "Bayern-ch (Women) 89th"]
[Site "Bad Kissingen"]
[Date "2018.08.27"]
[Round "2"]
[White "Mehling, Katharina"]
[Black "Homfeldt, Maren"]
[Result "1-0"]
[WhiteElo "1920"]
[BlackElo "1212"]
[PlyCount "57"]
[EventDate "2018.08.26"]
[EventType "swiss"]
[EventRounds "9"]
[EventCountry "GER"]
[SourceTitle "EXT 2020"]
[Source "ChessBase"]
[SourceDate "2019.10.17"]
[SourceVersion "1"]
[SourceVersionDate "2019.10.17"]
[SourceQuality "1"]

1. e4 d6 2. d4 a6 3. Nc3 Nf6 4. f3 e5 5. Nge2 Nh5 6. Be3 Qh4+ 7. g3 Qf6 8. Bg2 exd4 9. Bxd4 Qg5 10. Nd5 c5 11. Nc7+ Kd7 12. Nxa8 cxd4 13. Qxd4 Qa5+ 14. Nc3 Qc5 15. Qxc5 dxc5 16. Bh3+ Kc6 17. Bxc8 b6 18. Nd5 Bd6 19. Bg4 Nxg3 20. hxg3 Bxg3+ 21. Ke2 Nd7 22. Bxd7+ Kb7 23. Naxb6 Rd8 24. Ba4 Be5 25. Nc4 f6 26. Rxh7 Rc8 27. Rxg7+ Rc7 28. Nxc7 Bxc7 29. Rd1 1-0

[Event "Nuremberg Zabo op 19th"]
[Site "Nuremberg"]
[Date "2017.09.16"]
[Round "2"]
[White "Homfeldt, Maren"]
[Black "Ott, Hans1111"]
[Result "0-1"]
[WhiteElo "1221"]
[BlackElo "1537"]
[PlyCount "66"]
[EventDate "2017.09.15"]
[EventType "swiss"]
[EventRounds "5"]
[EventCountry "GER"]
[SourceTitle "EXT 2022"]
[Source "ChessBase"]
[SourceDate "2021.10.06"]
[SourceVersion "1"]
[SourceVersionDate "2021.10.06"]
[SourceQuality "1"]

1. g3 d5 2. e3 Nf6 3. d3 e6 4. Ne2 b6 5. Bg2 Bb7 6. h3 Bd6 7. a3 c5 8. b3 Qc7 9. Bb2 Nbd7 10. Nd2 b5 11. f4 e5 12. fxe5 Nxe5 13. d4 Ned7 14. Nf3 Bxg3+ 15. Nxg3 Qxg3+ 16. Kf1 Ne4 17. Qe2 c4 18. Ne5 Ndf6 19. Ng4 Qh4 20. Nxf6+ Qxf6+ 21. Qf3 Nd2+ 22. Kf2 Nxf3 23. Bxf3 Qh4+ 24. Kg2 0-0 25. Bc3 f5 26. Be1 Qg5+ 27. Kf2 Rae8 28. Bd2 Qh4+ 29. Ke2 f4 30. bxc4 fxe3 31. Bxe3 Qxd4 32. Bxd5+ Bxd5 33. cxd5 Rxe3# 0-1

[Event "Bayern-ch (Women)"]
[Site "Rosenheim"]
[Date "2017.08.20"]
[Round "1"]
[White "Homfeldt, Maren"]
[Black "Lorenz, Oda"]
[Result "0-1"]
[WhiteElo "1247"]
[BlackElo "1828"]
[PlyCount "90"]
[EventDate "2017.08.20"]
[EventType "tourn"]
[EventRounds "10"]
[EventCountry "GER"]
[SourceTitle "EXT 2019"]
[Source "ChessBase"]
[SourceDate "2018.10.10"]
[SourceVersion "1"]
[SourceVersionDate "2018.10.10"]
[SourceQuality "1"]

1. g3 e5 2. d3 d5 3. e3 Nf6 4. h3 Bd7 5. Bg2 c5 6. b3 Bc6 7. Bb2 d4 8. Bxc6+ Nxc6 9. e4 Be7 10. Nd2 0-0 11. Qe2 Nb4 12. Kd1 b5 13. a3 Nc6 14. f4 a5 15. Ngf3 Bd6 16. fxe5 Bxe5 17. g4 a4 18. b4 cxb4 19. axb4 Qd6 20. Ba3 Rac8 21. Nxe5 Nxe5 22. Qh2 Qc7 23. Rc1 Ng6 24. Qxc7 Rxc7 25. Re1 Ne5 26. Bb2 Nc6 27. e5 Nd5 28. c4 dxc3 29. Bxc3 Ncxb4 30. Bxb4 Rxc1+ 31. Kxc1 Nxb4 32. Re3 Rc8+ 33. Kb1 Nd5 34. Re1 Nf4 35. Re3 h6 36. Ne4 b4 37. Nd6 Rc3 38. Nb5 Rxd3 39. Rxd3 Nxd3 40. Kc2 Nxe5 41. Nd4 b3+ 42. Kc3 Nc4 43. Kxc4 b2 44. Nb5 b1Q 45. Nc3 Qb3+ 0-1

[Event "Bayern-ch (Women)"]
[Site "Bad Griesbach"]
[Date "2016.08.24"]
[Round "5"]
[White "Mueller, Liliane"]
[Black "Homfeldt, Maren"]
[Result "1-0"]
[WhiteElo "1730"]
[BlackElo "1295"]
[PlyCount "121"]
[EventDate "2016.08.21"]
[EventType "swiss"]
[EventRounds "9"]
[EventCountry "GER"]
[SourceTitle "EXT 2022"]
[Source "ChessBase"]
[SourceDate "2021.10.06"]
[SourceVersion "1"]
[SourceVersionDate "2021.10.06"]
[SourceQuality "1"]

1. d4 g6 2. c4 d6 3. Nc3 a6 4. e4 e6 5. Nf3 h6 6. Be2 Bg7 7. Be3 Nd7 8. Rc1 b6 9. 0-0 Bb7 10. a3 Ne7 11. b4 0-0 12. Qd2 Kh7 13. Rfd1 Ng8 14. Qc2 Qe8 15. Rb1 Rc8 16. c5 d5 17. e5 b5 18. Bd3 Bc6 19. h4 Ne7 20. Qe2 Ng8 21. h5 Ne7 22. hxg6+ fxg6 23. Nh4 Rf5 24. Bxf5 exf5 25. f4 Nf8 26. Kf2 Bd7 27. Rh1 Be6 28. Nf3 c6 29. Rh2 Ng8 30. Rbh1 Rc7 31. Bd2 Re7 32. Qd1 Bf7 33. Ne2 Re6 34. Neg1 Re7 35. Ng5+ Kh8 36. N1f3 h5 37. Re1 Ne6 38. Nxe6 Rxe6 39. Ng5 Nh6 40. Rh4 Ng4+ 41. Rxg4 fxg4 42. g3 Bh6 43. Nxe6 Qxe6 44. Qc2 Kg7 45. Rh1 Qf5 46. Qxf5 gxf5 47. Ra1 Be6 48. a4 Bc8 49. axb5 cxb5 50. Rc1 Kf7 51. c6 Ke6 52. c7 Bf8 53. Rc6+ Kd7 54. Rf6 Ke7 55. Rd6 Bd7 56. Rxa6 Bc8 57. Rd6 Bd7 58. Rxd5 Ke6 59. Rxb5 Be7 60. d5+ Kf7 61. e6+ 1-0

[Event "Nuremberg Zabo op 17th"]
[Site "Nuremberg"]
[Date "2015.09.21"]
[Round "3"]
[White "Mantel, Hans"]
[Black "Homfeldt, Maren"]
[Result "1/2-1/2"]
[WhiteElo "1440"]
[BlackElo "1332"]
[PlyCount "66"]
[EventDate "2015.09.21"]
[EventType "swiss"]
[EventRounds "5"]
[EventCountry "GER"]
[SourceTitle "EXT 2018"]
[Source "ChessBase"]
[SourceDate "2017.10.13"]
[SourceVersion "1"]
[SourceVersionDate "2017.10.13"]
[SourceQuality "1"]

1. e4 b6 2. d4 Bb7 3. Nc3 a6 4. Nf3 h6 5. Bf4 d6 6. d5 e5 7. dxe6 fxe6 8. Bc4 e5 9. Bg3 Nf6 10. Qd3 g5 11. Nd5 Nh5 12. Nc3 Nf4 13. Bxf4 gxf4 14. Bd5 c6 15. Be6 Qe7 16. Bf5 Rg8 17. g3 a5 18. Qc4 Rg7 19. Nh4 Ba6 20. Qb3 b5 21. Bg6+ Kd8 22. Nf5 Qf6 23. Nxg7 Bxg7 24. Qf7 Qxf7 25. Bxf7 Ke7 26. Bh5 Nd7 27. 0-0-0 Nf6 28. Bf3 Ke6 29. gxf4 exf4 30. Ne2 Ke5 31. Nd4 Bb7 32. Nf5 Bf8 33. Rd2 d5 1/2-1/2

[Event "Bayern-ch (Women)"]
[Site "Rosenheim"]
[Date "2015.08.22"]
[Round "2"]
[White "Homfeldt, Maren"]
[Black "Weiss, Monika"]
[Result "0-1"]
[WhiteElo "1333"]
[BlackElo "1633"]
[PlyCount "64"]
[EventDate "2015.08.22"]
[EventType "tourn"]
[EventRounds "9"]
[EventCountry "GER"]
[SourceTitle "EXT 2019"]
[Source "ChessBase"]
[SourceDate "2018.10.10"]
[SourceVersion "1"]
[SourceVersionDate "2018.10.10"]
[SourceQuality "1"]

1. g3 e5 2. Bg2 d5 3. e3 f5 4. d3 Nf6 5. h3 Be7 6. b3 0-0 7. Bb2 c5 8. Bxe5 Nc6 9. Bb2 d4 10. e4 fxe4 11. dxe4 Qc7 12. a3 Be6 13. f4 Rad8 14. Qf3 c4 15. bxc4 Bxc4 16. Bf1 Bxf1 17. Kxf1 Na5 18. Nd2 Qxc2 19. Bc1 Nc4 20. Qb3 Qxb3 21. Nxb3 Nxe4 22. Nf3 Nxg3+ 23. Kg2 Nxh1 24. Kxh1 d3 25. Ra2 Bd6 26. Nbd4 Bxf4 27. Bxf4 Rxf4 28. Ne6 Rxf3 29. Nxd8 d2 30. Ra1 Rxa3 31. Rf1 Rxh3+ 32. Kg2 Ne3+ 0-1

[Event "Nuremberg Zabo op 16th"]
[Site "Nuremberg"]
[Date "2014.09.20"]
[Round "3"]
[White "Homfeldt, Maren"]
[Black "Albayrak, Atilla"]
[Result "0-1"]
[WhiteElo "1386"]
[BlackElo "1423"]
[PlyCount "78"]
[EventDate "2014.09.19"]
[EventType "swiss"]
[EventRounds "5"]
[EventCountry "GER"]
[SourceTitle "EXT 2018"]
[Source "ChessBase"]
[SourceDate "2017.10.13"]
[SourceVersion "1"]
[SourceVersionDate "2017.10.13"]
[SourceQuality "1"]

1. g3 e5 2. Bg2 Nf6 3. h3 d5 4. b3 Be6 5. Bb2 Bd6 6. e3 Nbd7 7. d3 0-0 8. Ne2 c6 9. Nd2 Qc7 10. f4 exf4 11. exf4 Qb6 12. Bd4 Qd8 13. Rf1 Nb6 14. Nf3 c5 15. Be5 Bxe5 16. fxe5 Nfd7 17. Qd2 h6 18. d4 Rc8 19. Qa5 Qc7 20. Qd2 cxd4 21. Nfxd4 Nxe5 22. Nxe6 fxe6 23. Rxf8+ Rxf8 24. Nf4 Nf3+ 25. Bxf3 Qe5+ 26. Kf2 Qxa1 27. c3 Rxf4 28. gxf4 Qb1 29. Qd4 Qxa2+ 30. Kg3 Qxb3 31. Qe5 d4 32. cxd4 Nd7 33. Qc7 Nf6 34. Qd8+ Kf7 35. Qc7+ Kg6 36. Kf2 Qb2+ 37. Kg3 Qxd4 38. Qxb7 Nh5+ 39. Kg4 Qxf4# 0-1

[Event "Nuremberg Zabo op 16th"]
[Site "Nuremberg"]
[Date "2014.09.19"]
[Round "1"]
[White "Homfeldt, Maren"]
[Black "Shen, Julian"]
[Result "0-1"]
[WhiteElo "1386"]
[BlackElo "1733"]
[PlyCount "77"]
[EventDate "2014.09.19"]
[EventType "swiss"]
[EventRounds "5"]
[EventCountry "GER"]
[SourceTitle "EXT 2018"]
[Source "ChessBase"]
[SourceDate "2017.10.13"]
[SourceVersion "1"]
[SourceVersionDate "2017.10.13"]
[SourceQuality "1"]

1. g3 d5 2. Bg2 Nf6 3. h3 e6 4. e3 c5 5. d3 Nc6 6. a3 Be7 7. Ne2 0-0 8. Nd2 Qc7 9. b3 b6 10. Bb2 Bb7 11. 0-0 Rfd8 12. Kh2 Rac8 13. d4 cxd4 14. exd4 Na5 15. Rb1 Ba6 16. Re1 Bd6 17. b4 Nc4 18. Nxc4 Bxc4 19. Nc3 h5 20. Qf3 h4 21. Re3 e5 22. dxe5 Bxe5 23. Rbe1 Bxc3 24. Bxc3 d4 25. Re7 Qd6 26. Bd2 Bd5 27. Bf4 Bxf3 28. Bxd6 Bxg2 29. Kxg2 Rxd6 30. Rxa7 hxg3 31. Rae7 Rxc2 32. Kxg3 d3 33. Rd1 d2 34. Re3 Rc1 35. Ree1 Rxd1 36. Rxd1 Ne4+ 37. Kf3 Nc3 38. Rxd2 Rxd2 39. Ke3 0-1

[Event "Bayern-ch (Women)"]
[Site "Rosenheim"]
[Date "2014.08.24"]
[Round "2"]
[White "Weiss, Monika"]
[Black "Homfeldt, Maren"]
[Result "1-0"]
[WhiteElo "1653"]
[BlackElo "1386"]
[PlyCount "51"]
[EventDate "2014.08.23"]
[EventType "tourn"]
[EventRounds "9"]
[EventCountry "GER"]
[SourceTitle "EXT 2015"]
[Source "ChessBase"]
[SourceDate "2014.11.20"]
[SourceVersion "1"]
[SourceVersionDate "2014.11.20"]
[SourceQuality "1"]

1. e4 b6 2. d4 Bb7 3. d5 e6 4. c4 d6 5. Nc3 a6 6. Nf3 h6 7. Bd3 g6 8. dxe6 fxe6 9. e5 Ne7 10. 0-0 Nd7 11. exd6 cxd6 12. Nh4 Ne5 13. Re1 Nf5 14. Nxf5 gxf5 15. Qh5+ Kd7 16. Qe2 Qf6 17. Bf4 Qg7 18. Bg3 Re8 19. f4 Nxd3 20. Qxd3 Qf6 21. Bf2 e5 22. fxe5 Rxe5 23. Rxe5 Qxe5 24. Re1 Qf4 25. Nd5 Qg4 26. Nf6+ 1-0

[Event "Nuremberg Zabo op 15th"]
[Site "Nuremberg"]
[Date "2013.09.22"]
[Round "4"]
[White "Homfeldt, Maren"]
[Black "Lehmann, Tornalf"]
[Result "0-1"]
[WhiteElo "961"]
[BlackElo "1424"]
[PlyCount "120"]
[EventDate "2013.09.20"]
[EventType "swiss"]
[EventRounds "5"]
[EventCountry "GER"]
[SourceTitle "EXT 2016"]
[Source "ChessBase"]
[SourceDate "2015.10.08"]
[SourceVersion "1"]
[SourceVersionDate "2015.10.08"]
[SourceQuality "1"]

1. g3 d5 2. Bg2 e5 3. e3 Nc6 4. a3 Nf6 5. h3 Bd6 6. Ne2 0-0 7. d3 Re8 8. Nd2 Rb8 9. b3 Qd7 10. Bb2 b6 11. Nc3 Be7 12. Qe2 Bb7 13. 0-0-0 d4 14. Nce4 Rbd8 15. Kb1 Qc8 16. Ka2 a5 17. a4 Nb4+ 18. Ka1 Nxc2+ 19. Kb1 Nb4 20. Nc4 Nxe4 21. Bxe4 Bf6 22. Bxb7 Qxb7 23. f3 c5 24. e4 g6 25. g4 Bg5 26. h4 Bf4 27. Bc1 Bxc1 28. Rxc1 f6 29. Rcd1 Kg7 30. Kb2 Re6 31. Rdf1 Ra8 32. Ra1 b5 33. Nd2 bxa4 34. Rxa4 Qb5 35. Nc4 Nc6 36. Qc2 Rb8 37. Nd2 Qxa4 38. Ra1 Qb5 39. Qc4 Qxc4 40. Nxc4 Nb4 41. Rxa5 Nxd3+ 42. Kc2 Ne1+ 43. Kb2 Rc6 44. Ra7+ Kg8 45. Nd2 Rcb6 46. Ra3 Nd3+ 47. Kc2 Nf4 48. Nc4 d3+ 49. Kc3 R6b7 50. Nd2 Rd7 51. Ra6 Kf7 52. Ra4 h5 53. g5 fxg5 54. hxg5 h4 55. Ra1 h3 56. Nc4 Rbd8 57. Rd1 Ke6 58. Kd2 h2 59. Kc3 Ne2+ 60. Kd2 Ng3 0-1

[Event "Nuremberg Zabo op 15th"]
[Site "Nuremberg"]
[Date "2013.09.22"]
[Round "5"]
[White "Steinke, Christopher"]
[Black "Homfeldt, Maren"]
[Result "1-0"]
[WhiteElo "1247"]
[BlackElo "961"]
[PlyCount "53"]
[EventDate "2013.09.20"]
[EventType "swiss"]
[EventRounds "5"]
[EventCountry "GER"]
[SourceTitle "EXT 2016"]
[Source "ChessBase"]
[SourceDate "2015.10.08"]
[SourceVersion "1"]
[SourceVersionDate "2015.10.08"]
[SourceQuality "1"]

1. b3 b6 2. Bb2 Bb7 3. e3 d6 4. d4 g6 5. Nf3 Bg7 6. Bd3 h6 7. 0-0 Nd7 8. Nbd2 e6 9. c4 Ne7 10. Rb1 Nc6 11. Ne4 Nb4 12. a3 Nxd3 13. Qxd3 Qe7 14. b4 f5 15. Ned2 e5 16. dxe5 Nxe5 17. Nxe5 Bxe5 18. Bxe5 dxe5 19. c5 Rd8 20. Qe2 Qd7 21. Rfd1 Qc6 22. f3 a6 23. Nc4 0-0 24. Nxe5 Qb5 25. Qa2+ Kg7 26. Rxd8 Rxd8 27. Qf7+ 1-0

[Event "Nuremberg Zabo op 15th"]
[Site "Nuremberg"]
[Date "2013.09.21"]
[Round "2"]
[White "Homfeldt, Maren"]
[Black "Weber, Alexander"]
[Result "0-1"]
[WhiteElo "961"]
[BlackElo "1507"]
[PlyCount "62"]
[EventDate "2013.09.20"]
[EventType "swiss"]
[EventRounds "5"]
[EventCountry "GER"]
[SourceTitle "EXT 2016"]
[Source "ChessBase"]
[SourceDate "2015.10.08"]
[SourceVersion "1"]
[SourceVersionDate "2015.10.08"]
[SourceQuality "1"]

1. g3 e5 2. Bg2 d5 3. e3 c5 4. Ne2 Nc6 5. a3 Bg4 6. h3 Bh5 7. d3 Nf6 8. Nd2 Bd6 9. b3 0-0 10. Bb2 Re8 11. 0-0 d4 12. e4 Qd7 13. Kh2 h6 14. Ng1 Bxd1 15. Raxd1 Nh7 16. Ndf3 Ne7 17. Bc1 f5 18. Rfe1 f4 19. g4 Ng6 20. a4 Be7 21. Bd2 Ngf8 22. Re2 Bf6 23. Be1 Ne6 24. Nd2 f3 25. Bxf3 Nf4 26. Bg2 Nf8 27. f3 Nxe2 28. Nxe2 Ng6 29. Bg3 Bg5 30. Nf1 Rf8 31. Kh1 Rf7 0-1

[Event "Nuremberg Zabo op 15th"]
[Site "Nuremberg"]
[Date "2013.09.20"]
[Round "1"]
[White "Balhar, Michael"]
[Black "Homfeldt, Maren"]
[Result "1-0"]
[WhiteElo "1721"]
[BlackElo "961"]
[PlyCount "25"]
[EventDate "2013.09.20"]
[EventType "swiss"]
[EventRounds "5"]
[EventCountry "GER"]
[SourceTitle "EXT 2016"]
[Source "ChessBase"]
[SourceDate "2015.10.08"]
[SourceVersion "1"]
[SourceVersionDate "2015.10.08"]
[SourceQuality "1"]

1. e4 b6 2. d4 d6 3. Nc3 a6 4. f4 Bb7 5. Nf3 h6 6. Bd3 Nd7 7. e5 e6 8. Qe2 d5 9. f5 Ne7 10. fxe6 fxe6 11. Nh4 Rg8 12. Qh5+ g6 13. Nxg6 1-0